[Event "ROU-ch Open 2021"]
[Site "Iasi"]
[Date "2021.04.25"]
[Round "9.12"]
[White "Filip, Andrei (L.)"]
[Black "Ignat, Matei-Marius"]
[Result "1/2-1/2"]
[WhiteElo "2168"]
[BlackElo "1978"]
[Annotator "ChessBase"]
[PlyCount "81"]
[EventDate "2021.04.19"]
[EventType "swiss"]
[EventCountry "ROU"]
[SourceTitle "playchess.com"]
[Source "ChessBase"]
[SourceQuality "1"]
[TimeControl "5400+30"]

1. e4 {[%emt 0:00:00]} e6 {[%emt 0:00:00]} 2. d4 {[%emt 0:00:00]} d5 {[%emt 0:00:00]} 3. Nd2 {[%emt 0:00:00]} c5 {[%emt 0:00:00]} 4. exd5 {[%emt 0:00:17]} Qxd5 {[%emt 0:00:00]} 5. Ngf3 {[%emt 0:00:16]} cxd4 {[%emt 0:00:04]} 6. Bc4 {[%emt 0:00:25]} Qd6 {[%emt 0:00:11]} 7. O-O {[%emt 0:00:45]} Nf6 {[%emt 0:00:13]} 8. Re1 {[%emt 0:03:06]} Nc6 {[%emt 0:05:52]} 9. Nb3 {[%emt 0:00:24]} Be7 {[%emt 0:02:08]} 10. Nbxd4 {[%emt 0:02:35]} Nxd4 {[%emt 0:00:50]} 11. Nxd4 {[%emt 0:00:11]} O-O {[%emt 0:02:00]} 12. c3 {[%emt 0:02:23]} Qc7 {[%emt 0:09:28]} 13. Bf1 {[%emt 0:01:45]} b6 {[%emt 0:08:00]} 14. Bg5 {[%emt 0:09:16]} Bb7 {[%emt 0:06:05]} 15. Bh4 {[%emt 0:07:40]} Rad8 {[%emt 0:14:17]} 16. Qe2 {[%emt 0:04:20]} Nd5 {[%emt 0:11:07]} 17. Bg3 {[%emt 0:10:45]} Qc8 {[%emt 0:09:07]} 18. Rad1 {[%emt 0:05:10]} a6 {[%emt 0:09:20]} 19. Qc2 {[%emt 0:11:07]} Rfe8 {[%emt 0:01:48]} 20. Be2 {[%emt 0:01:52]} Nf6 {[%emt 0:06:51]} 21. Bf3 {[%emt 0:04:55]} Bc5 {[%emt 0:01:38]} 22. Bxb7 {[%emt 0:03:38]} Qxb7 {[%emt 0:00:03]} 23. Nf3 {[%emt 0:05:54]} b5 {[%emt 0:00:51]} 24. Be5 {[%emt 0:03:25]} Rxd1 {[%emt 0:02:47]} 25. Rxd1 {[%emt 0:00:43]} Ne4 {[%emt 0:00:08]} 26. Bd4 {[%emt 0:01:13]} h6 {[%emt 0:00:49]} 27. Bxc5 {[%emt 0:05:08]} Nxc5 {[%emt 0:00:01]} 28. h3 {[%emt 0:00:50]} Qc7 {[%emt 0:01:26]} 29. b3 {[%emt 0:04:30]} Nd7 {[%emt 0:00:51]} 30. Qd3 {[%emt 0:03:24]} Nb6 {[%emt 0:02:55]} 31. Qd6 {[%emt 0:01:28]} Rc8 {[%emt 0:00:05]} 32. Qxc7 {[%emt 0:00:56]} Rxc7 {[%emt 0:00:01]} 33. Rd8+ {[%emt 0:00:13]} Kh7 {[%emt 0:00:04]} 34. Rd6 {[%emt 0:00:13]} Nd5 {[%emt 0:00:34]} 35. c4 {[%emt 0:02:51]} bxc4 {[%emt 0:00:01]} 36. bxc4 {[%emt 0:00:06]} Rxc4 {[%emt 0:00:18]} 37. Rxa6 {[%emt 0:00:06]} Rc1+ {[%emt 0:00:17]} 38. Kh2 {[%emt 0:00:01]} Rc2 {[%emt 0:00:04]} 39. Kg3 {[%emt 0:01:24]} Nb4 {[%emt 0:00:30]} 40. Ra7 {[%emt 0:01:21]} f6 {[%emt 0:04:58]} 41. Nd4 1/2-1/2

[Event "ROU-ch Open 2021"]
[Site "Iasi"]
[Date "2021.04.25"]
[Round "9.14"]
[White "Baratosi, Daniel"]
[Black "Padurariu, Mihai-Edward"]
[Result "1/2-1/2"]
[WhiteElo "2355"]
[BlackElo "2084"]
[Annotator "TA"]
[PlyCount "37"]
[EventDate "2021.04.19"]
[EventType "swiss"]
[EventCountry "ROU"]
[SourceTitle "playchess.com"]
[Source "ChessBase"]
[SourceQuality "1"]

{[%evp 9,37,14,28,22,26,19,26,19,29,0,24,18,33,16,37,5,7,1,22,0,8,-4,8,14,2,0,0,0,0,0]} 1. e4 c6 2. d4 d5 3. Nc3 dxe4 4. Nxe4 Nf6 5. Qd3 Nxe4 6. Qxe4 {B15: Caro-Kann: 3 Nc3: 3...g6 and 3...dxe4 4 Nxe4 Nf6 5 Nxf6+ exf6.} Qd5 7. Bd3 g6 8. Nf3 {[#] White has an edge.} Bf5 $146 ({Predecessor:} 8... Qxe4+ 9. Bxe4 Nd7 10. O-O Bg7 11. Re1 O-O 12. Bf4 Nf6 13. Bd3 e6 14. c4 Rd8 {½-½ (40) Yap,A-Sygulski,A (2445) Cienfuegos 1985}) 9. Qe2 Bxd3 10. Qxd3 Bg7 11. O-O O-O 12. Bg5 e6 {The position is equal.} 13. c4 Qf5 14. Qb3 b6 15. Rad1 h6 16. Be7 Re8 17. Bd6 Nd7 18. Rfe1 e5 19. dxe5 {A rather calm draw.  Weighted Error Value: White=0.11/Black=0.07} 1/2-1/2

[Event "ROU-ch Open 2021"]
[Site "Iasi"]
[Date "2021.04.25"]
[Round "9.15"]
[White "Antonica, Dragos-Andrei"]
[Black "Magold, Filip"]
[Result "1-0"]
[WhiteElo "2291"]
[BlackElo "2065"]
[Annotator "TA"]
[PlyCount "61"]
[EventDate "2021.04.19"]
[EventType "swiss"]
[EventCountry "ROU"]
[SourceTitle "playchess.com"]
[Source "ChessBase"]
[SourceQuality "1"]

{[%evp 11,61,2,17,0,33,12,38,47,52,62,66,23,28,23,112,82,70,69,164,101,388,386,356,270,480,252,233,249,229,214,583,583,581,573,555,531,541,518,873,859,803,781,750,845,807,814,950,945,861,788,1064,624]} 1. c4 e5 2. Nc3 Bb4 3. e4 Bxc3 4. bxc3 Nf6 5. g3 O-O 6. Bg2 d6 7. Ne2 {A22: English Opening: 1...e5 2 Nc3 Nf6.} Bg4 8. O-O {[#]} Nbd7 $146 ({Predecessor:} 8... Qd7 9. d3 Nc6 10. f4 Bh3 11. f5 Bxg2 12. Kxg2 Ne8 13. g4 f6 14. Ng3 g5 {1-0 (31) Hoefelsauer,T (2342)-Humburg,P (2201) Prague 2016}) 9. h3 {White is slightly better.} Bh5 10. g4 Bg6 11. Ng3 Nc5 {[%cal Rf6e4]} 12. d3 Qd7 (12... Ne6 $11) 13. f4 exf4 14. Bxf4 b5 ({Better is} 14... Qe6 $14) 15. h4 (15. g5 $18 Ne8 16. h4) 15... h5 $2 {[%mdl 8192] Black cannot hold the game after this.} (15... h6 $16) 16. gxh5 $18 Bh7 17. Bg5 bxc4 $2 (17... Qg4) 18. Bxf6 (18. h6 $142 {Hoping for hxg7.} Ne8 19. d4 (19. dxc4 Rb8 $18)) 18... gxf6 19. d4 ({Weaker is} 19. Rxf6 cxd3 20. Qf3 Qe7 $14) ({Not} 19. dxc4 Qe6 $16) 19... Nd3 20. Rxf6 {And now Nf5 would win.} Rab8 $2 (20... Kh8 {is a better chance.}) 21. Nf5 {White threatens Qg4+ and mate.White is clearly winning.} Kh8 {next ...Rg8 is good for Black.} 22. Qd2 $1 {[%cal Rd2h6] Strongly threatening Qh6.} Rg8 {[#] White must now prevent ...Rb2.} 23. Qh6 $1 {[%cal Rh6h7] Threatening mate with Qxh7+!} Rg4 {[#]} 24. Rxd6 $1 {[%mdl 576] Clearance} cxd6 (24... Qxf5 $142 25. exf5 cxd6 26. Qf6+ (26. Qxd6 Rb2 $11) 26... Kg8) 25. Qf6+ Kg8 26. Nh6+ {[%mdl 64] Double Attack} Kf8 27. Nxg4 Qxg4 28. Qxd6+ {[%mdl 64] Double Attack} Kg8 29. Qxb8+ {[%mdl 64] Double Attack} Kg7 30. Qd8 Bg6 31. Qg5 {Weighted Error Value: White=0.29/Black=0.75} 1-0

[Event "ROU-ch Open 2021"]
[Site "Iasi"]
[Date "2021.04.25"]
[Round "9.16"]
[White "Stepanencu, Nicodim-Cosmin"]
[Black "Daianu, Cristian-Clement"]
[Result "1-0"]
[WhiteElo "2104"]
[BlackElo "2234"]
[Annotator "TA"]
[PlyCount "69"]
[EventDate "2021.04.19"]
[EventType "swiss"]
[EventCountry "ROU"]
[SourceTitle "playchess.com"]
[Source "ChessBase"]
[SourceQuality "1"]

{[%evp 9,69,-7,4,0,15,4,16,0,2,0,7,1,0,0,10,7,110,112,102,60,148,148,138,140,135,139,186,0,190,177,515,137,141,145,132,144,139,147,144,124,137,130,161,160,183,178,210,206,358,256,255,235,294,302,391,400,566,550,512,360,356,344]} 1. e4 c5 2. Nf3 e6 3. b3 b6 4. Bd3 Bb7 5. O-O d6 6. Bb2 {B40: Sicilian: 2...e6, Unusual lines.} Nf6 7. Re1 Be7 8. c3 {The position is equal.} O-O 9. Bc2 Nc6 10. a3 e5 11. d4 {[#]} cxd4 $146 ({Predecessor:} 11... Qc7 12. Nbd2 b5 13. b4 cxd4 14. cxd4 exd4 15. Nxd4 Nxd4 16. Bxd4 Nd7 17. Rc1 Ne5 {1-0 (28) Leszko,B (2060)-Vuckovic,M (1990) Budva 2018}) 12. cxd4 d5 (12... Nxd4 $11 13. Nxd4 exd4) 13. dxe5 $16 Nxe4 14. Nbd2 f5 (14... Nc5 $1 $14) 15. exf6 $1 Bxf6 16. Nxe4 (16. Bxf6 $6 Nxf6 17. Bf5 Qd6 $11) 16... Bxb2 17. Neg5 {Threatens to win with Ra2.} Bxa1 18. Bxh7+ Kh8 {[#] ...Bd4! is the strong threat.} 19. Bc2 $1 {Threatening mate with Qd3.} g6 $2 {[#]} ({Stronger than} 19... Bd4 20. Qd3 g6 21. Qxg6 Qc7 22. Qh6+ Kg8 23. Bh7+ Kh8 24. Be4+ Kg8 25. Qg6+ Kh8 26. Bxd5) (19... Nd4 {is tougher.}) 20. Ne6 $2 ({Weaker is} 20. Qxa1+ Qf6 $14) (20. Re6 $1 $18 {[%cal Re6g6]}) 20... Qf6 21. Nxf8 Rxf8 22. Qxa1 Qxa1 23. Rxa1 Kg7 24. Rd1 Rd8 25. h4 Ne7 26. Nd4 {Strongly threatening Ne6+.} Rc8 27. Re1 Kf7 28. Re3 Ng8 $2 (28... Ba6 29. g4 Rh8 30. Rf3+ Ke8) 29. Rg3 Ne7 30. Kf1 Rh8 31. Rf3+ Kg8 32. Ne6 {aiming for Rf8+.} Ba6+ (32... Nf5 {keeps fighting.} 33. Bxf5 gxf5 34. Rxf5 Ba6+ 35. Kg1 Rxh4 36. Rf8+ Kh7) 33. Ke1 $18 Nf5 34. Bxf5 gxf5 35. g3 {Weighted Error Value: White=0.26/Black=0.52} ({Much less strong is} 35. Rxf5 Rxh4 36. f3 Rh1+ 37. Kd2 Bf1 $18) 1-0

[Event "ROU-ch Open 2021"]
[Site "Iasi"]
[Date "2021.04.25"]
[Round "9.17"]
[White "Nechita, Vlad-Mihai"]
[Black "Martian, Dragos-Daniel"]
[Result "0-1"]
[WhiteElo "1893"]
[BlackElo "2198"]
[Annotator "ChessBase"]
[PlyCount "98"]
[EventDate "2021.04.19"]
[EventType "swiss"]
[EventCountry "ROU"]
[SourceTitle "playchess.com"]
[Source "ChessBase"]
[SourceQuality "1"]
[TimeControl "5400+30"]

1. d4 {[%emt 0:00:00]} Nf6 {[%emt 0:21:24]} 2. Bf4 {[%emt 0:00:00]} e6 {[%emt 0:05:31]} 3. Nf3 {[%emt 0:00:12]} b6 {[%emt 0:00:25]} 4. e3 {[%emt 0:00:20]} Bb7 {[%emt 0:00:04]} 5. Bd3 {[%emt 0:00:26]} c5 {[%emt 0:00:06]} 6. c3 {[%emt 0:00:12]} Be7 {[%emt 0:00:04]} 7. Nbd2 {[%emt 0:00:32]} cxd4 {[%emt 0:00:09]} 8. exd4 {[%emt 0:01:21]} O-O {[%emt 0:00:09]} 9. O-O {[%emt 0:08:00]} d6 {[%emt 0:00:22]} 10. Ng5 {[%emt 0:14:37]} e5 {[%emt 0:04:10]} 11. Bg3 {[%emt 0:04:12]} h6 {[%emt 0:02:10]} 12. Nge4 {[%emt 0:01:32]} Nxe4 {[%emt 0:00:49]} 13. Nxe4 {[%emt 0:10:27]} f5 {[%emt 0:01:02]} 14. Nxd6 {[%emt 0:01:01]} Qxd6 {[%emt 0:02:59]} 15. Bxe5 {[%emt 0:00:46]} Qc6 {[%emt 0:02:02]} 16. Qb3+ {[%emt 0:02:33]} Kh8 {[%emt 0:00:31]} 17. f3 {[%emt 0:00:21]} Nd7 {[%emt 0:00:52]} 18. Bb5 {[%emt 0:04:54]} Qc8 {[%emt 0:00:42]} 19. Bxg7+ {[%emt 0:01:14]} Kxg7 {[%emt 0:01:12]} 20. Qe6 {[%emt 0:00:11]} Qd8 {[%emt 0:03:18]} 21. Rfe1 {[%emt 0:02:55]} Bh4 {[%emt 0:06:30]} 22. g3 {[%emt 0:03:24]} Qg5 {[%emt 0:02:26]} 23. Bxd7 {[%emt 0:29:41]} Bxg3 {[%emt 0:03:59]} 24. Qe7+ {[%emt 0:00:47]} Rf7 {[%emt 0:00:07]} 25. Qxg5+ {[%emt 0:00:25]} hxg5 {[%emt 0:00:04]} 26. hxg3 {[%emt 0:00:36]} Rxd7 {[%emt 0:00:05]} 27. Kf2 {[%emt 0:01:40]} g4 {[%emt 0:00:57]} 28. fxg4 {[%emt 0:00:44]} fxg4 {[%emt 0:00:05]} 29. Re5 {[%emt 0:00:27]} Rf7+ {[%emt 0:00:49]} 30. Ke2 {[%emt 0:00:15]} Raf8 {[%emt 0:02:20]} 31. d5 {[%emt 0:03:52]} Rf5 {[%emt 0:00:47]} 32. Re7+ {[%emt 0:00:33]} R8f7 {[%emt 0:00:10]} 33. Rxf7+ {[%emt 0:00:15]} Kxf7 {[%emt 0:00:04]} 34. c4 {[%emt 0:00:36]} Ba6 {[%emt 0:00:09]} 35. b3 {[%emt 0:01:09]} Rxd5 {[%emt 0:00:16]} 36. Rf1+ {[%emt 0:00:25]} Ke6 {[%emt 0:01:42]} 37. Rf4 {[%emt 0:01:26]} Rg5 {[%emt 0:00:39]} 38. Kd3 {[%emt 0:00:44]} Bb7 {[%emt 0:00:48]} 39. b4 {[%emt 0:00:48]} Bf3 {[%emt 0:00:23]} 40. Rd4 {[%emt 0:01:48]} Rg7 {[%emt 0:03:13]} 41. Ke3 {[%emt 0:00:10]} Rd7 {[%emt 0:00:24]} 42. Rxd7 {[%emt 0:01:04]} Kxd7 {[%emt 0:00:02]} 43. Kf4 {[%emt 0:00:09]} Be2 {[%emt 0:00:26]} 44. a3 {[%emt 0:00:07]} Kd6 {[%emt 0:01:32]} 45. Kf5 {[%emt 0:00:30]} Kc6 {[%emt 0:00:54]} 46. Kg5 {[%emt 0:00:23]} Bxc4 {[%emt 0:00:08]} 47. Kxg4 {[%emt 0:00:04]} Kb5 {[%emt 0:00:03]} 48. Kf5 {[%emt 0:00:04]} Ka4 {[%emt 0:00:04]} 49. g4 {[%emt 0:00:06]} Kxa3 {[%emt 0:00:05]} 0-1

[Event "ROU-ch Open 2021"]
[Site "Iasi"]
[Date "2021.04.25"]
[Round "9.18"]
[White "Nastore, Pavel-Alexandru"]
[Black "Ciorgovean, Iustin"]
[Result "1/2-1/2"]
[WhiteElo "2256"]
[BlackElo "2338"]
[Annotator "RC"]
[PlyCount "91"]
[EventDate "2021.04.19"]
[EventType "swiss"]
[EventCountry "ROU"]
[SourceTitle "playchess.com"]
[Source "ChessBase"]
[SourceQuality "1"]
[TimeControl "5400+30"]

1. e4 {[%emt 0:00:00]} c5 {[%emt 0:00:00]} 2. Nf3 {[%emt 0:00:00]} d6 {[%emt 0:00:00]} 3. d4 {[%emt 0:00:00]} cxd4 {[%emt 0:00:00]} 4. Nxd4 {[%emt 0:00:02]} Nf6 {[%emt 0:00:00]} 5. Nc3 {[%emt 0:00:08]} a6 {[%emt 0:00:00]} 6. Bg5 {[%emt 0:00:06]} e6 {[%emt 0:00:00]} 7. f4 {[%emt 0:00:06]} h6 {[%emt 0:00:00]} 8. Bh4 {[%emt 0:00:06]} Qb6 {[%emt 0:00:00]} 9. a3 {[%emt 0:00:05]} Nbd7 {[%emt 0:00:00]} 10. Bc4 {[%emt 0:00:52]} Be7 {[%emt 0:07:28]} 11. Bf2 {[%emt 0:00:08]} Qc7 {[%emt 0:00:14]} 12. Bxe6 {[%emt 0:00:08]} fxe6 {[%emt 0:00:24]} 13. Nxe6 {[%emt 0:00:05]} Qc4 {[%emt 0:00:27]} 14. Nxg7+ {[%emt 0:00:09]} Kf8 {[%emt 0:20:29]} 15. Nf5 {[%emt 0:07:03]} Nxe4 {[%emt 0:03:41]} 16. Qd4 {[%emt 0:05:05]} Qxd4 {[%emt 0:01:31]} 17. Bxd4 {[%emt 0:00:17]} Nef6 {[%emt 0:06:21]} 18. O-O-O {[%emt 0:00:27]} Rh7 {[%emt 0:04:26]} 19. Rhe1 {[%emt 0:09:58]} b5 {[%emt 0:03:10]} 20. h3 {[%emt 0:08:59]} h5 {[%emt 0:03:32]} 21. g4 {[%emt 0:04:50]} hxg4 {[%emt 0:06:13]} 22. hxg4 {[%emt 0:00:14]} Nxg4 {[%emt 0:05:17]} 23. Nd5 {[%emt 0:00:31]} Bh4 {[%emt 0:18:02]} 24. Nxh4 {[%emt 0:19:29]} Rxh4 {[%emt 0:00:24]} 25. Nc7 {[%emt 0:00:04]} Bb7 {[%emt 0:07:40]} 26. Nxa8 {[%emt 0:00:05]} Bxa8 {[%emt 0:00:02]} 27. Bg7+ {[%emt 0:00:07]} Kxg7 {[%emt 0:02:08]} 28. Re7+ {[%emt 0:00:06]} Kf6 {[%emt 0:00:50]} 29. Rxd7 {[%emt 0:00:06]} Kf5 {[%emt 0:00:43]} 30. R7xd6 {[%emt 0:01:06]} Be4 {[%emt 0:01:01]} 31. b3 {[%emt 0:02:09]} Ne3 {[%emt 0:01:51]} 32. Re1 {[%emt 0:00:27]} Ng2 {[%emt 0:01:39]} 33. Red1 {[%emt 0:02:33]} Kxf4 {[%emt 0:00:31]} 34. Rxa6 {[%emt 0:01:16]} Ne3 {[%emt 0:00:13]} 35. Re1 {[%emt 0:00:06]} Rh2 {[%emt 0:00:40]} 36. Rf6+ {[%emt 0:00:25]} Nf5 {[%emt 0:00:32]} 37. Rxe4+ {[%emt 0:04:36]} Kxe4 {[%emt 0:00:06]} 38. a4 {[%emt 0:02:39]} bxa4 {[%emt 0:00:31]} 39. bxa4 {[%emt 0:00:07]} Nd4 {[%emt 0:00:09]} 40. Kb1 {[%emt 0:02:14]} Rxc2 {[%emt 0:00:35]} 41. a5 {[%emt 0:01:35]} Kd3 {[%emt 0:00:46]} 42. a6 {[%emt 0:00:46]} Kc3 {[%emt 0:01:02]} 43. Rb6 {[%emt 0:00:05]} Re2 {[%emt 0:02:14]} 44. a7 {[%emt 0:00:33]} Re1+ {[%emt 0:00:41]} 45. Ka2 {[%emt 0:00:06]} Re2+ {[%emt 0:00:06]} 46. Kb1 {[%emt 0:02:26]} 1/2-1/2

[Event "ROU-ch Open 2021"]
[Site "Iasi"]
[Date "2021.04.25"]
[Round "9.20"]
[White "Gheorghiu, Calin"]
[Black "Bonciu, David"]
[Result "1-0"]
[WhiteElo "2283"]
[BlackElo "2016"]
[Annotator "RC"]
[PlyCount "45"]
[EventDate "2021.04.19"]
[EventType "swiss"]
[EventCountry "ROU"]
[SourceTitle "playchess.com"]
[Source "ChessBase"]
[SourceQuality "1"]
[TimeControl "5400+30"]

1. c4 {[%emt 0:03:09]} g6 {[%emt 0:00:00]} 2. d4 {[%emt 0:03:41]} Nf6 {[%emt 0:00:00]} 3. Nf3 {[%emt 0:02:00]} Bg7 {[%emt 0:00:05]} 4. e3 {[%emt 0:00:11]} O-O {[%emt 0:00:09]} 5. Be2 {[%emt 0:00:04]} d5 {[%emt 0:00:15]} 6. cxd5 {[%emt 0:03:16]} Nxd5 {[%emt 0:00:06]} 7. e4 {[%emt 0:00:04]} Nb6 {[%emt 0:00:55]} 8. Nc3 {[%emt 0:06:30]} Bg4 {[%emt 0:04:15]} 9. Be3 {[%emt 0:00:52]} Bxf3 {[%emt 0:07:38]} 10. Bxf3 {[%emt 0:07:20]} e5 {[%emt 0:08:54]} 11. d5 {[%emt 0:01:30]} N8d7 {[%emt 0:13:42]} 12. Qb3 {[%emt 0:03:31]} a5 {[%emt 0:06:57]} 13. O-O {[%emt 0:08:21]} Qe7 {[%emt 0:03:14]} 14. Nb5 {[%emt 0:06:26]} Rfc8 {[%emt 0:14:47]} 15. Bg4 {[%emt 0:01:45]} a4 {[%emt 0:02:32]} 16. Qd3 {[%emt 0:12:27]} f5 {[%emt 0:03:21]} 17. exf5 {[%emt 0:13:39]} Qb4 {[%emt 0:02:18]} 18. f6 {[%emt 0:04:40]} Qxg4 {[%emt 0:02:48]} 19. fxg7 {[%emt 0:00:00]} Qf5 20. Qd2 {[%emt 0:10:40]} Nc4 {[%emt 0:03:33]} 21. Qb4 {[%emt 0:00:00]} Qg4 {[%emt 0:01:47]} 22. f3 {[%emt 0:00:00]} Qh4 {[%emt 0:03:44]} 23. g3 {[%emt 0:00:00]} 1-0